| 000 | 00519nam a22001937a 4500 | ||
|---|---|---|---|
| 003 | OSt | ||
| 005 | 20240108140118.0 | ||
| 008 | 240108b |||||||| |||| 00| 0 eng d | ||
| 020 | _a9781853158476 | ||
| 040 | _cDnml | ||
| 082 | _aWB 18 k837g 2008. | ||
| 100 |
_aKonje,Justin _916867 |
||
| 245 |
_aGet through: _bMRCOG Part 2: EMQS |
||
| 260 |
_aLondon _bthe royal society of medicine press _c2008 |
||
| 300 |
_axii.187p; _bill; _c23cm. |
||
| 504 | _aquestions and answers | ||
| 650 | _2gynaecology | ||
| 942 |
_2z _cO_SHELF |
||
| 999 |
_c8253 _d8253 |
||